000 00462 a2200181 4500
003 Nust
005 20230126152402.0
040 _cNust
082 _a842,HAR
100 _aHarvey,Paul sir
_9107804
245 _aCompanion to English Literature
_bThe Oxford /
_cSir Paul Harvey
250 _a2 nd
260 _alondon
_bOxford
300 _a910:p
538 _aAlmirah No.59 Shelf No.1
650 _aCompanion to English Literature
_9107805
942 _2ddc
_cBK
999 _c186035
_d186035